| 000 | 00864nam a2200253 a 4500 | ||
|---|---|---|---|
| 001 | BRL_1592 | ||
| 005 | 20190320211258.0 | ||
| 008 | 090414s1974----mx-ab#####---#000-0#spa-# | ||
| 041 | _aspa | ||
| 044 | _amx | ||
| 050 | 4 |
_aF1219 _b.C63 1974 |
|
| 245 | 1 | 0 |
_aCódice Nuttall _breproducción del facsímil editado por el Museo Peabody de la Universidad de Hardvard _cintroducción por Zelia Nuttall. |
| 260 |
_aMéxico _bLa Estampa Mexicana _c1974 |
||
| 300 |
_acvii p. _bil., láminas _c22 cm. |
||
| 500 | _aAu394 | ||
| 500 | _aVer también número de sistema 7423 perteneciente al Fondo General Franz Mayer | ||
| 650 | 1 | 4 |
_aCódice Nuttall _918296 |
| 650 | 1 | 4 |
_aManuscritos mexicanos _9781 |
| 650 | 1 | 4 |
_aEscritura pictórica mexicana _910238 |
| 650 | 1 | 4 |
_aMixtecos _910187 |
| 700 | 1 |
_aNuttall, Mrs. Zelia _d1858-1933 _918272 |
|
| 902 | _aGRL | ||
| 942 |
_2lcc _cB |
||
| 999 |
_c10401 _d10401 |
||